Every CM Punk PLE Opponent since 2023 in WWE - Statistics

General Stats
  • This quiz has been taken 78 times
    61 since last reset
  • The average score is 28 of 30
Answer Stats
Hint Answer % Correct
Royal Rumble 2024 (Name the Winner) Cody Rhodes
100%
SummerSlam 2024 Drew McIntyre
100%
Bash In Berlin 2024 Drew McIntyre
100%
Bad Blood 2024 Drew McIntyre
100%
Elimination Chamber 2025 Drew McIntyre
100%
Survivor Series: WarGames 2025 Drew McIntyre
100%
Royal Rumble 2025 (Name the Winner) Jey Uso
100%
Clash In Paris 2025 Jey Uso
100%
WrestleMania 41 - Night 1 Roman Reigns
100%
Elimination Chamber 2025 Seth Rollins
100%
WrestleMania 41 - Night 1 Seth Rollins
100%
SummerSlam 2025 - Night 1 Seth Rollins
100%
Clash In Paris 2025 Seth Rollins
100%
Wrestlepalooza 2025 Seth Rollins
100%
Elimination Chamber 2025 John Cena
98%
Night Of Champions 2025 John Cena
98%
Elimination Chamber 2025 Logan Paul
98%
Survivor Series: WarGames 2025 Logan Paul
98%
SummerSlam 2025 - Night 1 Gunther
96%
Survivor Series: WarGames 2025 Brock Lesnar
92%
Survivor Series: WarGames 2024 Tama Tonga
90%
Survivor Series: WarGames 2024 Solo Sikoa
88%
Survivor Series: WarGames 2024 Bronson Reed
86%
Survivor Series: WarGames 2025 Bronson Reed
86%
Survivor Series: WarGames 2024 Jacob Fatu
86%
Survivor Series: WarGames 2025 Bron Breakker
82%
Elimination Chamber 2025 Damian Priest
82%
Clash In Paris 2025 LA Knight
82%
Survivor Series: WarGames 2024 Tonga Loa
82%
Wrestlepalooza 2025 Becky Lynch
73%
No matching quizzes found
Score Distribution
Percent of People with Each Score
Percentile by Number Answered
Your Score History
You have not taken this quiz since the last reset